Normal view
MARC view
Entry Personal Name
001 - CONTROL NUMBER
- control field: 43799
003 - CONTROL NUMBER IDENTIFIER
- control field: OSt
005 - DATE AND TIME OF LATEST TRANSACTION
- control field: 20240229145810.0
008 - FIXED-LENGTH DATA ELEMENTS
- fixed length control field: 240229|| aca||aabn | a|a d
040 ## - CATALOGING SOURCE
- Original cataloging agency: OSt
- Transcribing agency: OSt
100 ## - HEADING--PERSONAL NAME
- Personal name: Sharma, Anupama and Kukeja, Sumit
670 ## - SOURCE DATA FOUND
- Source citation: Work cat.: (OSt)523691: Sharma, Anupama and Kukeja, Sumit , Pradhan Mantri Jan Dhan Yojna: A tool for financial inclusion
